[Event "Challenge"]
[Site "http://www.queenalice.com/game.php?id=33500"]
[Date "2005.10.16"]
[Round "-"]
[White "someone"]
[Black "browneyedpeople"]
[Result "1-0"]
[WhiteElo "1120"]
[BlackElo "1100"]

1. e3 e5 2. Nf3 e4 3. Nd4 c5 4. Nf5 c4 5. Nd4 Qa5 6. c3 Bc5 7. Bxc4 Nf6 8. b3 d5
9. Bb5+ Bd7 10. b4 Bxb4 11. Qa4 Qxa4 12. Bxa4 Bc5 13. Nb5 O-O 14. Bb3 Bxb5 15.
Na3 Bd3 16. Nb5 Bxb5 17. a4 Bd7 18. Ba3 Na6 19. d4 Bxa3 20. Rxa3 1-0

[Event "Challenge"]
[Site "http://www.queenalice.com/game.php?id=54858"]
[Date "2006.2.26"]
[Round "-"]
[White "someone"]
[Black "browneyedpeople"]
[Result "1-0"]
[WhiteElo "1150"]
[BlackElo "935"]

1. Nf3 d6 2. d4 e6 3. e3 f6 4. Nc3 Nc6 5. d5 exd5 6. Nd4 g6 7. g3 h5 8. Bb5 Bd7
9. f4 a6 10. Ba4 Nxd4 11. exd4 b5 12. Bb3 Bg4 13. Qd3 Qe7+ 14. Kf2 O-O-O 15.
Nxd5 Qe6 16. Re1 Qf7 17. f5 Bxf5 18. Qf3 Ne7 19. Nxe7+ Bxe7 20. Bxf7 Bxc2 21.
Rxe7 Rhf8 22. Qa8# 1-0

[Event "Invitation"]
[Site "http://www.queenalice.com/game.php?id=57662"]
[Date "2006.3.16"]
[Round "-"]
[White "browneyedpeople"]
[Black "Electric_Lettuce"]
[Result "0-1"]
[WhiteElo "898"]
[BlackElo "1547"]

1. d4 Nf6 2. e3 d5 3. c3 Nc6 4. f3 e5 5. dxe5 Nxe5 6. f4 Bg4 7. Qa4+ Qd7 8. Bb5
c6 9. Be2 c5 10. Qa3 Bxe2 11. Nxe2 Nc4 12. Qb3 b6 13. O-O Bd6 14. Qd1 d4 15.
Nxd4 cxd4 16. Qxd4 Qb5 17. b3 Ne5 18. Qxd6 Rd8 19. Qa3 Neg4 20. c4 Qd7 21. Nd2
Nxe3 22. Rf3 Nc2 23. Qb2 Nxa1 24. Qxa1 O-O 25. Rd3 Qxd3 26. Qe5 Rfe8 27. Qb5 Qe2
28. Qxe8+ Rxe8 29. h4 Ng4 30. Nf1 Qd1 31. f5 Qxc1 32. g3 Re1 33. Kg2 Rxf1 34.
Kh3 Nf2+ 35. Kg2 Qe1 36. Kf3 Qe4# 0-1

[Event "Challenge"]
[Site "http://www.queenalice.com/game.php?id=59969"]
[Date "2006.3.28"]
[Round "-"]
[White "someone"]
[Black "browneyedpeople"]
[Result "1-0"]
[WhiteElo "1169"]
[BlackElo "898"]

1. e3 Nf6 2. d4 Nc6 3. c3 e5 4. Qb3 exd4 5. cxd4 Bb4+ 6. Bd2 Qe7 7. a3 Bxd2+ 8.
Nxd2 d5 9. Bd3 O-O 10. Ngf3 Bg4 11. O-O Rae8 12. Qxb7 Na5 13. Qxa7 Nc4 14. Rab1
Ne4 15. Nxc4 dxc4 16. Ne5 cxd3 17. Nxg4 Nd2 18. Rbd1 Nxf1 19. Kxf1 f5 20. Ne5
Rf7 21. Qa4 Rd8 22. Rc1 f4 23. Qc4 fxe3 24. Nc6 Qf6 25. f3 Rf8 26. Qd5 e2+ 27.
Ke1 g5 28. Kd2 g4 29. Ne5 c6 30. Rxc6 Rd8 31. Qc4 gxf3 32. gxf3 Qh4 33. Qxf7+
Kh8 34. Rg6 e1=Q+ 35. Kxd3 Rxd4+ 36. Kc2 Qhf2+ 37. Kb3 Rb4+ 38. axb4 Qee3+ 39.
Ka4 Qc2+ 40. b3 Qexb3+ 41. Qxb3 Qxb3+ 42. Kxb3 h5 43. b5 h4 44. b6 Kh7 45. b7 h3
46. Rg5 Kh6 47. Rg6+ Kh5 48. b8=Q Kh4 49. Qh8# 1-0

[Event "RammaLammaDingDong"]
[Site "http://www.queenalice.com/game.php?id=63395"]
[Date "2006.4.15"]
[Round "-"]
[White "browneyedpeople"]
[Black "Electric_Lettuce"]
[Result "0-1"]
[WhiteElo "880"]
[BlackElo "1486"]

1. e4 e5 2. c4 Nf6 3. d3 Nc6 4. f3 Bb4+ 5. Nc3 O-O 6. a3 Bc5 7. b4 Bd4 8. Bb2 d6
9. g4 Be6 10. h3 d5 11. exd5 Ne4 12. Nxe4 Qh4+ 13. Kd2 Bxb2 14. dxe6 Bxa1 15.
exf7+ Rxf7 16. Qxa1 Nd4 17. c5 Raf8 18. Kc3 Nxf3 19. Be2 Ng5 20. d4 Nxe4+ 21.
Kc4 Nd2+ 22. Kb5 Qf6 23. dxe5 Qa6# 0-1

[Event "Challenge"]
[Site "http://www.queenalice.com/game.php?id=71841"]
[Date "2006.5.26"]
[Round "-"]
[White "PGeon"]
[Black "browneyedpeople"]
[Result "1-0"]
[WhiteElo "1300"]
[BlackElo "880"]

1. Nc3 e5 2. e4 Bc5 3. Nf3 f6 4. Bc4 Nh6 5. O-O f5 6. Nxe5 d6 7. Nf3 fxe4 8. Qe2
Bg4 9. Qxe4+ Kf8 10. Qxb7 Nd7 11. Re1 Bxf3 12. Qxf3+ Qf6 13. Qxa8+ 1-0

[Event "Challenge"]
[Site "http://www.queenalice.com/game.php?id=72804"]
[Date "2006.5.29"]
[Round "-"]
[White "browneyedpeople"]
[Black "Electric_Lettuce"]
[Result "0-1"]
[WhiteElo "949"]
[BlackElo "1560"]

1. Nf3 d5 2. Nc3 Nc6 3. e4 d4 4. Nh4 dxc3 5. dxc3 e5 6. g3 Nf6 7. f3 Be6 8. Be3
Qxd1+ 9. Kxd1 O-O-O+ 10. Bd3 a6 11. f4 Bg4+ 12. Ke1 Bd6 13. fxe5 Nxe5 14. h3 Bf3
15. Rf1 Bxe4 16. Rf4 Nxd3+ 17. cxd3 Bxf4 18. Bxf4 Rxd3 19. Rc1 Rhd8 20. Be5 Nd5
21. Bxg7 Ne3 22. Ke2 Ng2 23. Rc2 Nxh4 24. c4 Bf3+ 25. Ke1 Ng2+ 26. Kf2 Bd1 27.
Rc1 Rd2+ 28. Kg1 Re8 29. Kh2 Re1 30. g4 Nf4+ 31. Kg3 Ng6 32. Rxd1 Re3# 0-1

[Event "Challenge"]
[Site "http://www.queenalice.com/game.php?id=72838"]
[Date "2006.5.30"]
[Round "-"]
[White "someone"]
[Black "browneyedpeople"]
[Result "0-1"]
[WhiteElo "1174"]
[BlackElo "880"]

1. Nf3 e5 2. e4 Nf6 3. d3 c6 4. Nc3 Qb6 5. Be3 Qxb2 6. Na4 Bb4+ 7. c3 Bxc3+ 8.
Bd2 Bxd2+ 9. Nxd2 Qd4 10. Rb1 d5 11. Qc2 Ng4 12. Be2 Qxf2+ 13. Kd1 Ne3+ 14. Kc1
Nxc2 15. Kxc2 Qxe2 16. Rhf1 dxe4 17. Rbe1 Qxd3+ 18. Kc1 Qa3+ 19. Nb2 Qxa2 0-1

[Event "Challenge"]
[Site "http://www.queenalice.com/game.php?id=76284"]
[Date "2006.6.13"]
[Round "-"]
[White "browneyedpeople"]
[Black "Electric_Lettuce"]
[Result "0-1"]
[WhiteElo "949"]
[BlackElo "1562"]

1. d4 d5 2. c3 Nc6 3. f3 e5 4. e4 dxe4 5. fxe4 exd4 6. cxd4 Nxd4 7. Nc3 Nf6 8.
Be3 Bg4 9. Be2 Bb4 10. Bxd4 Qd7 11. e5 Bxe2 12. Qxe2 Qf5 13. exf6+ Qe6 14. fxg7
Rg8 15. Be3 O-O-O 16. Qb5 Qxe3+ 17. Ne2 Rxg7 18. Qxb4 Rxg2 19. Kf1 Qf2# 0-1

[Event "Challenge"]
[Site "http://www.queenalice.com/game.php?id=76285"]
[Date "2006.6.13"]
[Round "-"]
[White "Electric_Lettuce"]
[Black "browneyedpeople"]
[Result "1-0"]
[WhiteElo "1564"]
[BlackElo "949"]

1. b3 Nc6 2. e4 d5 3. Nc3 dxe4 4. Nxe4 Qd4 5. Nc3 Bf5 6. Nf3 Qd6 7. Bd3 e6 8.
Qe2 O-O-O 9. Bb2 Nf6 10. Nb5 Qf4 11. Be5 Bxd3 12. cxd3 Rd5 13. Bxf4 Rxb5 14. O-O
Rb4 15. d4 Nxd4 16. Qe5 Nb5 17. a4 Nd6 18. Nd4 Nde4 19. Qxc7# 1-0

[Event "Challenge"]
[Site "http://www.queenalice.com/game.php?id=76443"]
[Date "2006.6.14"]
[Round "-"]
[White "someone"]
[Black "browneyedpeople"]
[Result "1-0"]
[WhiteElo "1143"]
[BlackElo "949"]

1. e4 Nc6 2. d4 Nf6 3. e5 Ne4 4. f3 Ng5 5. Bxg5 f6 6. exf6 gxf6 7. Bf4 e5 8. Be3
Ne7 9. Nc3 Nf5 10. Bd2 Nxd4 11. Be3 c5 12. Qd3 Qb6 13. O-O-O d5 14. Nxd5 Qc6 15.
Qe4 f5 16. Qxe5+ Be6 17. Nc7+ Kd8 18. Nxe6+ Kc8 19. Bxd4 1-0

[Event "Challenge"]
[Site "http://www.queenalice.com/game.php?id=77235"]
[Date "2006.6.16"]
[Round "-"]
[White "Electric_Lettuce"]
[Black "browneyedpeople"]
[Result "0-1"]
[WhiteElo "1572"]
[BlackElo "935"]

1. e4 Nf6 2. Bc4 d5 3. exd5 Nxd5 4. Nc3 c6 5. d3 e5 6. Nf3 b5 7. Bb3 Bc5 8. Qe2
Qf6 9. Bg5 Qf5 10. O-O Nf4 11. Qxe5+ Qxe5 12. Nxe5 Nh5 13. Rae1 O-O 14. Be3 Bd6
15. Nf3 Nd7 16. Ne4 Bb4 17. c3 Be7 18. a3 c5 19. c4 Rb8 20. Bf4 Nxf4 21. Rb1 f5
22. Nc3 b4 23. axb4 Rxb4 24. Ba4 Nxd3 25. Rbd1 Nxb2 26. Ra1 Nxc4 27. Rfe1 Bf6
28. Rec1 Re8 29. Bc6 Bd4 30. Na2 Rb2 31. Nxd4 cxd4 32. Bd5+ Kf8 33. Bxc4 Ne5 34.
Rab1 Rxb1 35. Rxb1 Nxc4 36. h3 Na3 37. Rd1 Re2 38. Nc1 Rc2 39. Nd3 a5 40. Kf1
Ba6 41. Ke1 a4 42. f4 Rxg2 43. Ne5 Nc2# 0-1

[Event "Challenge"]
[Site "http://www.queenalice.com/game.php?id=77239"]
[Date "2006.6.16"]
[Round "-"]
[White "browneyedpeople"]
[Black "Electric_Lettuce"]
[Result "0-1"]
[WhiteElo "949"]
[BlackElo "1521"]

1. d4 g6 2. e4 Bg7 3. c3 d6 4. Bc4 Nf6 5. Qb3 O-O 6. Nf3 Nxe4 7. O-O Nc6 8. Re1
Nf6 9. Ng5 d5 10. Bd3 Bf5 11. Bxf5 gxf5 12. Qa3 Ne4 13. f3 Nxg5 14. Bxg5 f6 15.
Bf4 Re8 16. Nd2 e5 17. Be3 f4 18. Bf2 Qd7 19. Rad1 Bf8 20. Qb3 Na5 21. c4 Nxb3
22. Nxb3 Qa4 23. cxd5 exd4 24. Rxd4 Rxe1+ 25. Bxe1 Bc5 26. Nxc5 Qxd4+ 27. Bf2
Qd1+ 28. Be1 Qxe1# 0-1

[Event "Sweater Match"]
[Site "http://www.queenalice.com/game.php?id=90867"]
[Date "2006.7.30"]
[Round "-"]
[White "Electric_Lettuce"]
[Black "browneyedpeople"]
[Result "0-1"]
[WhiteElo "1536"]
[BlackElo "932"]

1. e4 e5 2. Nf3 Bc5 3. Bc4 Nf6 4. Nxe5 O-O 5. Qf3 d6 6. d4 Bxd4 7. Qg3 dxe5 8.
Bh6 Nh5 9. Qf3 Bxb2 10. Qxh5 Bxa1 11. Bg5 Qd4 12. Be7 g6 13. Qh6 Nd7 14. Bd5 Re8
15. Bxf7+ Kxf7 16. Qxh7+ Ke6 17. O-O Rxe7 18. Qxg6+ Nf6 19. g4 Qxe4 20. Qxe4
Nxe4 21. f4 Rg7 22. h3 exf4 23. Rxf4 Ke5 24. Rf1 Bd4+ 0-1

[Event "Challenge"]
[Site "http://www.queenalice.com/game.php?id=101765"]
[Date "2006.9.2"]
[Round "-"]
[White "browneyedpeople"]
[Black "someone"]
[Result "0-1"]
[WhiteElo "932"]
[BlackElo "1404"]

1. e4 e5 2. d4 Nf6 3. dxe5 Nxe4 4. Bc4 d5 5. Bxd5 Bb4+ 6. c3 c6 7. Bxe4 Qxd1+ 8.
Kxd1 Bc5 9. Nf3 Bxf2 10. Nbd2 O-O 11. Ng5 g6 12. Rf1 Be3 13. Nc4 Bc5 14. h4 Bg4+
15. Ke1 Be7 16. b4 Nd7 17. e6 Bf6 18. exf7+ Kg7 19. Bf4 h6 20. Bd6 hxg5 21.
Bxf8+ Rxf8 22. hxg5 Bxc3+ 23. Kf2 Rxf7+ 24. Ke3 Bxa1 25. Rxa1 Re7 26. Nd6 Bf5
27. Rf1 Bxe4 28. Nxb7 Bxg2+ 0-1

[Event "Cheats!"]
[Site "http://www.queenalice.com/game.php?id=108742"]
[Date "2006.9.22"]
[Round "-"]
[White "browneyedpeople"]
[Black "Electric_Lettuce"]
[Result "0-1"]
[WhiteElo "932"]
[BlackElo "1549"]

1. e4 e5 2. d4 exd4 3. Qxd4 Nc6 4. Qd5 Nf6 5. Qd3 Bc5 6. Qb5 Qe7 7. Nc3 Nxe4 8.
Nd5 Qe5 9. c4 Nc3+ 10. Ne2 Nxb5 11. Ne3 Nbd4 12. Nd5 O-O 13. f4 Qe4 14. Nxc7
Nc2+ 15. Kd1 Qd3+ 16. Bd2 Be3 17. Kc1 Qxd2+ 18. Kb1 Qd1+ 19. Nc1 Qxc1# 0-1